[Event "88th Hastings Masters"]
[Site "Hastings ENG"]
[Date "2013.01.03"]
[Round "7.3"]
[White "Hawkins, Jonathan"]
[Black "Sumets, Andrey"]
[Result "1/2-1/2"]
[WhiteTitle "IM"]
[BlackTitle "GM"]
[WhiteElo "2507"]
[BlackElo "2638"]
[WhiteFideId "412686"]
[BlackFideId "14105500"]
[EventDate "2012.12.28"]

1. d4 e6 2. c4 Bb4+ 3. Bd2 a5 4. Nf3 d6 5. Nc3 Nf6 6. Qc2 O-O 7. a3 Bxc3 8. Bxc3
d5 9. e3 b6 10. Bd3 Bb7 11. O-O Nbd7 12. cxd5 exd5 13. Ne5 Nxe5 14. dxe5 Ne4 15.
f3 Nxc3 16. Bxh7+ Kh8 17. Bd3 Ne4 18. fxe4 dxe4 19. Bxe4 Bxe4 20. Qxe4 Qe7 21.
Rf3 g6 22. Raf1 Rae8 23. Qc4 Qxe5 24. Rxf7 Rxf7 25. Qxf7 Qxe3+ 26. Kh1 Qe2 27.
h3 Re7 28. Qf6+ Kh7 29. Qh4+ Kg8 30. Qf4 Kh7 31. Qh4+ 1/2-1/2

[Event "88th Hastings Masters"]
[Site "Hastings ENG"]
[Date "2013.01.03"]
[Round "7.7"]
[White "Pert, Nicholas"]
[Black "Gu, Xiaobing"]
[Result "1/2-1/2"]
[WhiteTitle "GM"]
[BlackTitle "WGM"]
[WhiteElo "2557"]
[BlackElo "2209"]
[WhiteFideId "403989"]
[BlackFideId "8602611"]
[EventDate "2012.12.28"]

1. d4 Nf6 2. Nf3 g6 3. c4 Bg7 4. g3 O-O 5. Bg2 d6 6. O-O Nc6 7. Nc3 Rb8 8. Bf4
a6 9. Rc1 h6 10. d5 e5 11. dxe6 Bxe6 12. b3 g5 13. Bd2 Re8 14. h4 g4 15. Ne1 Bf5
16. Nc2 Bg6 17. Ne3 Nd4 18. Ncd5 Nxd5 19. cxd5 h5 20. Bc3 Rxe3 21. fxe3 Nf5 22.
Bxg7 Kxg7 23. Qe1 Kg8 24. Qf2 Qe7 25. e4 Ng7 26. Qf6 Re8 27. Qxe7 Rxe7 28. Rc4
Ne8 29. b4 Kg7 30. a4 b5 31. axb5 axb5 32. Rc3 Nf6 33. Rf4 Bh7 34. Kf2 Bg6 35.
Ke1 Bh7 36. Kd2 Bg6 37. Ra3 Re5 38. Ra7 Bxe4 39. Bxe4 Nxe4+ 40. Kd3 f5 41. Rxf5
Rxf5 42. Rxc7+ Kf6 43. Kxe4 Re5+ 44. Kd4 Rxe2 45. Rh7 Rd2+ 46. Ke4 Re2+ 47. Kd4
Rd2+ 48. Ke4 Re2+ 49. Kd3 Rg2 50. Rxh5 Rxg3+ 51. Ke4 Rb3 52. Rh6+ Ke7 53. Re6+
Kd7 54. Rg6 Rxb4+ 55. Kf5 g3 56. Rg7+ Kd8 57. Ke6 Rxh4 58. Kxd6 Rh6+ 59. Kc5 g2
60. Rxg2 b4 61. Kxb4 Kd7 62. Kc5 Kd8 63. Ra2 Rg6 64. Rh2 Kc7 65. Re2 Kd7 66. Re1
Rh6 67. Ra1 Kc7 68. Ra7+ Kd8 69. Rb7 Rg6 70. Rh7 Rf6 71. Kd4 Ra6 72. Ke5 Rb6 73.
Rh1 Kd7 74. Rh8 Rg6 75. Rh7+ Kd8 76. Kf5 Ra6 77. Ke4 Rb6 78. Rh1 Kd7 79. Ke5 Ra6
80. Rb1 Rh6 81. Rb7+ Kd8 82. Rg7 Ra6 83. Rh7 Rb6 84. Rh8+ Kd7 85. Rh1 Ra6 86.
Rf1 Rb6 87. Rf7+ Ke8 88. Ra7 Kd8 89. Ra5 Ke7 90. Ra1 Rh6 91. Ra7+ Kd8 92. Rg7
Ra6 93. Rg8+ Kd7 94. Rh8 Rb6 95. Rh7+ Kd8 96. Rf7 Ra6 97. Rf8+ Ke7 98. Rf2 Kd7
99. Rg2 Rb6 100. Rg7+ Kd8 101. Kd4 Ra6 102. Kc5 Rh6 103. Rb7 Rg6 104. Rb6 Rxb6
105. Kxb6 Kd7 106. Kc5 Kc7 107. d6+ Kd7 108. Kd5 Kd8 109. Ke6 Ke8 110. d7+ Kd8
111. Kd6 1/2-1/2

[Event "88th Hastings Masters"]
[Site "Hastings ENG"]
[Date "2013.01.03"]
[Round "7.8"]
[White "Knott, Simon J B"]
[Black "Gretarsson, Hjorvar Steinn"]
[Result "0-1"]
[WhiteTitle "IM"]
[BlackTitle "IM"]
[WhiteElo "2325"]
[BlackElo "2516"]
[WhiteFideId "400645"]
[BlackFideId "2302241"]
[EventDate "2012.12.28"]

1. Nf3 Nf6 2. c4 b6 3. g3 Bb7 4. Bg2 g6 5. d4 Bg7 6. Nc3 O-O 7. O-O Ne4 8. Nxe4
Bxe4 9. d5 Na6 10. Bh3 Bxf3 11. exf3 Nc5 12. Rb1 a5 13. f4 e6 14. Be3 Re8 15.
Qc2 exd5 16. cxd5 d6 17. f5 Qd7 18. Rfc1 Bf6 19. Bg2 Re7 20. fxg6 hxg6 21. b3
Qe8 22. Bf3 Kg7 23. Kg2 Qb5 24. Qc4 Qxc4 25. Rxc4 Nd3 26. a3 Rae8 27. Rc2 g5 28.
Be2 Nxf2 29. Bb5 Ng4 30. Bg1 Rh8 31. Re2 Be5 32. Rf1 f6 33. h3 Nh6 34. g4 Rf8
35. Bd3 Nf7 36. Rc2 Nh8 37. a4 Ng6 38. Bxg6 Kxg6 39. Rf5 Rfe8 40. Kf3 Rb8 41.
Kg2 b5 42. Rf3 bxa4 43. bxa4 Rb4 44. Ra3 Bf4 45. Rac3 Rxa4 46. Rxc7 Rxc7 47.
Rxc7 Ra2+ 48. Kf3 Ra3+ 49. Ke4 Rxh3 50. Bf2 Ra3 51. Rc8 Be5 52. Rg8+ Kf7 53. Ra8
Ra4+ 0-1

[Event "88th Hastings Masters"]
[Site "Hastings ENG"]
[Date "2013.01.03"]
[Round "7.9"]
[White "Williams, Simon K"]
[Black "Farid, Firman Syah"]
[Result "1/2-1/2"]
[WhiteTitle "GM"]
[BlackTitle "IM"]
[WhiteElo "2515"]
[BlackElo "2338"]
[WhiteFideId "404454"]
[BlackFideId "7102526"]
[EventDate "2012.12.28"]

1. d4 d6 2. c4 e5 3. d5 f5 4. e4 f4 5. g3 fxg3 6. hxg3 Nf6 7. Nc3 Be7 8. f3 O-O
9. Be3 c6 10. Qd2 Na6 11. O-O-O Qa5 12. Kb1 cxd5 13. Nxd5 Qxd2 14. Nxe7+ Kf7 15.
Rxd2 Kxe7 16. Ne2 Be6 17. Nc3 Nc7 18. Be2 Rfd8 19. g4 h6 20. Rhd1 b6 21. g5 hxg5
22. Bxg5 Rac8 23. b3 Bf7 24. Be3 Be8 25. Bf1 Bc6 26. a4 Rb8 27. Kb2 Be8 28. Ka3
a5 29. Bh3 Bd7 30. Bf5 Bxf5 31. exf5 Rd7 32. Bg5 Rbd8 33. f4 exf4 34. Bxf4 d5
35. Bxc7 Rxc7 36. Re2+ Kf7 37. Re6 Rcd7 38. Rxb6 dxc4 39. Rxd7+ Nxd7 40. Rb5
cxb3 41. Kxb3 Ra8 42. Nd5 g6 43. fxg6+ Kxg6 44. Kc4 Kf7 45. Kd4 Ra7 46. Ne3 Ke7
47. Nc4 Ra6 48. Nxa5 Nb6 49. Nc6+ Kd6 50. Nb4 Rxa4 51. Rxb6+ Kc7 52. Rb5 Ra1 53.
Nd5+ Kc6 54. Rb6+ Kd7 55. Nc3 Rh1 56. Rg6 Rh2 57. Ne4 Rh1 58. Ke5 Rh5+ 59. Ng5
Rh1 60. Rd6+ Ke7 61. Ra6 Re1+ 62. Ne4 Kd7 63. Ra2 Rh1 64. Nf6+ Kc6 65. Rc2+ Kb5
66. Ne4 Rh5+ 67. Kd4 Kb6 68. Nf6 Rh4+ 69. Kd5 Rh1 70. Nd7+ Kb7 71. Nc5+ Kc7 72.
Ne6+ Kb6 73. Rb2+ Ka5 74. Nd4 Rh5+ 75. Kc4 Ka6 76. Ne6 Ka7 77. Nc5 Rh4+ 78. Kb5
Rh6 79. Re2 Rb6+ 80. Kc4 Rh6 81. Re7+ Kb6 82. Ne6 Rh5 83. Nd4 Rc5+ 84. Kb4 Rh5
85. Re6+ Kc7 86. Kc4 Kd7 87. Ra6 Kc7 88. Ne6+ Kb7 89. Rd6 Rh4+ 90. Kb5 Rh5+ 91.
Nc5+ Kc7 92. Rd7+ Kc8 93. Rg7 Rh6 94. Nb7 Kb8 95. Kc5 Ka7 96. Nd6+ Ka6 97. Rg4
Rh5+ 98. Kc6 Re5 99. Rg2 Rh5 100. Ra2+ Ra5 101. Rb2 Rh5 102. Rg2 1/2-1/2

[Event "88th Hastings Masters"]
[Site "Hastings ENG"]
[Date "2013.01.03"]
[Round "7.10"]
[White "McKenna, Jason P"]
[Black "Arkell, Keith C"]
[Result "0-1"]
[BlackTitle "GM"]
[WhiteElo "2102"]
[BlackElo "2470"]
[WhiteFideId "403857"]
[BlackFideId "400270"]
[EventDate "2012.12.28"]

1. e4 c6 2. d4 d5 3. Nc3 dxe4 4. Nxe4 Nd7 5. Ng5 Ngf6 6. Bd3 Nb6 7. N1f3 Bg4 8.
h3 Bxf3 9. Nxf3 e6 10. O-O Be7 11. c4 O-O 12. b3 c5 13. dxc5 Bxc5 14. Bb2 Nbd7
15. Re1 Qe7 16. Qc2 Ba3 17. Rad1 Bxb2 18. Qxb2 a5 19. Ne5 Rfd8 20. Nxd7 Nxd7 21.
Be4 Nc5 22. Qc2 g6 23. Bf3 Qf6 24. Rxd8+ Rxd8 25. Rd1 Rd4 26. Rxd4 Qxd4 27. Qd1
Nd3 28. Qe2 b6 29. Be4 Nc1 30. Qc2 Qa1 31. Kh2 Nxa2 32. g3 Nb4 33. Qd2 Qe5 34.
Bg2 Kg7 35. Bb7 g5 36. Bf3 h6 37. Kg2 Qf6 38. Qd6 Nc2 39. Be4 Qd4 40. Qc6 Na1 0-1

[Event "88th Hastings Masters"]
[Site "Hastings ENG"]
[Date "2013.01.03"]
[Round "7.15"]
[White "Rendle, Thomas E"]
[Black "Flear, Christine"]
[Result "1-0"]
[WhiteTitle "IM"]
[BlackTitle "WIM"]
[WhiteElo "2381"]
[BlackElo "2156"]
[WhiteFideId "408760"]
[BlackFideId "602604"]
[EventDate "2012.12.28"]

1. e4 c5 2. Nf3 e6 3. g3 Nc6 4. Bg2 Nf6 5. Qe2 d6 6. O-O Be7 7. c3 O-O 8. d4 e5
9. dxc5 dxc5 10. a4 h6 11. Na3 a6 12. Nc4 Qc7 13. Ne3 Be6 14. Nh4 Rfe8 15. Nd5
Bxd5 16. exd5 Na5 17. Be3 Rad8 18. Nf5 Nxd5 19. Bxh6 g6 20. Rad1 Nb6 21. Nxe7+
Qxe7 22. Rxd8 Rxd8 23. f4 Nbc4 24. f5 Qd6 25. Qg4 Qd3 26. Be4 Ne3 27. Bxe3 Qxe3+
28. Kh1 g5 29. f6 Kf8 30. Bf5 Rd6 31. Bg6 Rd8 32. Qh5 fxg6 33. Qh8+ Kf7 34. Qg7+
Ke6 35. Qe7+ 1-0

[Event "88th Hastings Masters"]
[Site "Hastings ENG"]
[Date "2013.01.03"]
[Round "7.16"]
[White "Duff, Rufus"]
[Black "Ashton, Adam G"]
[Result "0-1"]
[BlackTitle "FM"]
[WhiteElo "2114"]
[BlackElo "2366"]
[WhiteFideId "403032"]
[BlackFideId "410110"]
[EventDate "2012.12.28"]

1. e4 e5 2. Nf3 Nc6 3. Bb5 a6 4. Ba4 Nf6 5. O-O Be7 6. Re1 b5 7. Bb3 d6 8. c3
O-O 9. h3 Na5 10. Bc2 d5 11. exd5 e4 12. Bxe4 Nxe4 13. Rxe4 Bb7 14. d3 Bxd5 15.
Re1 c5 16. Bf4 Qd7 17. Nbd2 Rfd8 18. Re3 Bf8 19. Qe2 f6 20. b3 Nc6 21. Qf1 Bf7
22. Ne4 b4 23. c4 a5 24. Rd1 a4 25. Re2 Bh5 26. Be3 Bxf3 27. gxf3 Nd4 28. Bxd4
Qxd4 29. Qg2 axb3 30. axb3 Ra3 31. Rb1 Qxd3 32. Rbe1 Rxb3 33. Rd2 Rb1 34. Nxf6+
Kh8 35. Rxd3 Rxe1+ 36. Kh2 Rxd3 37. Nd5 Rxd5 0-1

[Event "88th Hastings Masters"]
[Site "Hastings ENG"]
[Date "2013.01.03"]
[Round "7.17"]
[White "Rudd, Jack"]
[Black "Rayner, Francis"]
[Result "0-1"]
[WhiteTitle "IM"]
[WhiteElo "2288"]
[BlackElo "2166"]
[WhiteFideId "405736"]
[BlackFideId "1800132"]
[EventDate "2012.12.28"]

1. e4 e5 2. d4 exd4 3. Qxd4 Nc6 4. Qe3 Nf6 5. Nc3 Bb4 6. Bd2 O-O 7. O-O-O Re8 8.
Bc4 d6 9. f3 Na5 10. Bd3 d5 11. Qg5 d4 12. Nce2 h6 13. Qg3 Bxd2+ 14. Rxd2 c5 15.
c3 Nc6 16. Bb5 Qa5 17. Bxc6 bxc6 18. a3 Ba6 19. cxd4 Rad8 20. Qf2 Rd7 21. Nc3
Red8 22. Nge2 Bxe2 23. Qxe2 cxd4 24. Na2 Qa4 25. Qd3 Rb8 26. Rc2 Rdb7 27. Rd1 c5
28. Rdd2 Rb3 29. Rxc5 Rxd3 30. Rxd3 Rb3 31. Nb4 Rxd3 32. Nxd3 Qb3 33. Kd2 Qe6
34. h4 Nxe4+ 35. fxe4 Qxe4 0-1

[Event "88th Hastings Masters"]
[Site "Hastings ENG"]
[Date "2013.01.03"]
[Round "7.18"]
[White "Eames, Robert S"]
[Black "Jones, William E G"]
[Result "1/2-1/2"]
[WhiteTitle "FM"]
[WhiteElo "2263"]
[BlackElo "2094"]
[WhiteFideId "408743"]
[BlackFideId "470554"]
[EventDate "2012.12.28"]

1. d4 Nf6 2. c4 g6 3. Nc3 Bg7 4. e4 d6 5. f3 O-O 6. Be3 c5 7. Nge2 Nc6 8. d5 Ne5
9. Ng3 e6 10. Be2 exd5 11. cxd5 h5 12. O-O a6 13. a4 Nh7 14. Qd2 h4 15. Nh1 f5
16. Nf2 Bd7 17. Kh1 Qa5 18. exf5 gxf5 19. Bh6 Qb4 20. Bxg7 Kxg7 21. Nh3 Qd4 22.
Rad1 Qxd2 23. Rxd2 Rae8 24. Nf4 Nf6 25. g3 Rh8 26. Rg1 hxg3 27. Rxg3+ Kf7 28.
Bf1 Rh4 29. Ng2 Rh7 30. Nf4 Rh4 31. Ng2 Rh7 32. Nf4 Rh4 1/2-1/2

[Event "88th Hastings Masters"]
[Site "Hastings ENG"]
[Date "2013.01.03"]
[Round "7.19"]
[White "Hebden, Mark L"]
[Black "Grant, Alan G"]
[Result "1-0"]
[WhiteTitle "GM"]
[WhiteElo "2547"]
[BlackElo "2165"]
[WhiteFideId "400084"]
[BlackFideId "2400723"]
[EventDate "2012.12.28"]

1. d4 d5 2. Nf3 Nf6 3. c4 dxc4 4. e3 Bg4 5. Bxc4 e6 6. Qb3 Bxf3 7. gxf3 Nbd7 8.
Nc3 Rb8 9. a4 Be7 10. Bd2 a6 11. a5 O-O 12. Ne4 Nxe4 13. fxe4 c5 14. Bc3 Qc7 15.
d5 exd5 16. Bxd5 Bf6 17. f4 b5 18. e5 b4 19. Bd2 Bh4+ 20. Ke2 Rb5 21. Rad1 Nb8
22. Qc4 Bd8 23. Rhg1 Nc6 24. Qe4 Ne7 25. Bc4 Qb7 26. Qxb7 Rxb7 27. Ra1 Nc6 28.
Bd5 Rc7 29. Rgc1 Be7 30. Bxc6 Rxc6 31. Bxb4 Rh6 32. Bxc5 Rxh2+ 33. Kd3 Bxc5 34.
Rxc5 Rxb2 35. Rc6 Ra8 36. Rb6 Rb8 37. Rxa6 h5 38. Ke4 g6 39. e6 fxe6 40. Ra7
R2b5 41. a6 e5 42. Re7 exf4 43. a7 Ra8 44. exf4 Kf8 45. Rh7 Kg8 46. Rc7 Rf5 47.
Ra6 Rf7 48. Rxg6+ Kf8 49. Rxf7+ Kxf7 50. Ra6 Ke7 51. Kf5 Kd7 52. Kg5 Kc7 53.
Kxh5 Kb7 54. Ra5 1-0

[Event "88th Hastings Masters"]
[Site "Hastings ENG"]
[Date "2013.01.03"]
[Round "7.20"]
[White "Prosviriakov, Vladimir"]
[Black "Anderson, John"]
[Result "1-0"]
[WhiteTitle "IM"]
[WhiteElo "2293"]
[BlackElo "2161"]
[WhiteFideId "2004860"]
[BlackFideId "405353"]
[EventDate "2012.12.28"]

1. e4 e6 2. d4 d5 3. Nc3 Nf6 4. Bg5 Bb4 5. e5 h6 6. Bd2 Bxc3 7. bxc3 Ne4 8. Qg4
Kf8 9. Bd3 Nxd2 10. Kxd2 c5 11. Nf3 c4 12. Be2 Nc6 13. a4 Bd7 14. Qf4 Na5 15. g4
g6 16. Qf6 Qxf6 17. exf6 Nc6 18. Rhb1 b6 19. h4 Kg8 20. Ne5 Nxe5 21. dxe5 Kh7
22. Ke3 Rhb8 23. Kd4 a5 24. f4 b5 25. axb5 Rxb5 26. Rxb5 Bxb5 27. f5 gxf5 28.
gxf5 Bd7 29. Bh5 Be8 30. fxe6 fxe6 31. Bxe8 Rxe8 32. Rxa5 Kg6 33. Ra1 Kf5 34.
Rf1+ Kg6 35. Rg1+ Kf5 36. h5 Ra8 37. Rg6 1-0

[Event "88th Hastings Masters"]
[Site "Hastings ENG"]
[Date "2013.01.03"]
[Round "7.21"]
[White "Ledger, Dave J"]
[Black "Ternault, Mathieu"]
[Result "0-1"]
[WhiteTitle "FM"]
[WhiteElo "2266"]
[BlackElo "2159"]
[WhiteFideId "401986"]
[BlackFideId "20641532"]
[EventDate "2012.12.28"]

1. e4 e6 2. d4 d5 3. Nc3 Bb4 4. e5 c5 5. a3 Bxc3+ 6. bxc3 Ne7 7. Qg4 Qc7 8. Qxg7
Rg8 9. Qxh7 cxd4 10. Ne2 Nbc6 11. f4 Bd7 12. Qd3 dxc3 13. Rb1 O-O-O 14. Qxc3 d4
15. Qc5 b6 16. Ng3 Kb8 17. Bd3 Bc8 18. Qc4 Nf5 19. Nxf5 exf5 20. g3 Be6 21. Qa4
Rh8 22. h4 Ne7 23. Bd2 Qb7 24. Kf2 Nd5 25. Qa6 Qc7 26. Bb4 Ne3 27. Bd6 Rxd6 28.
exd6 Qc6 29. Rhg1 Re8 30. Be2 Bc4 31. Bf3 Ng4+ 32. Kg2 Qxf3+ 33. Kxf3 Bd5# 0-1

[Event "88th Hastings Masters"]
[Site "Hastings ENG"]
[Date "2013.01.03"]
[Round "7.22"]
[White "Lenier, Jude A"]
[Black "Stewart, Neil"]
[Result "0-1"]
[BlackTitle "FM"]
[WhiteElo "2069"]
[BlackElo "2264"]
[WhiteFideId "470678"]
[BlackFideId "4636988"]
[EventDate "2012.12.28"]

1. e4 c6 2. d4 d5 3. e5 Bf5 4. Nf3 e6 5. Be2 Nd7 6. O-O Ne7 7. Nbd2 Nc8 8. Re1
Be7 9. Nf1 O-O 10. c3 b5 11. Ne3 Bg6 12. Rf1 Ncb6 13. b3 Qc7 14. Ne1 f6 15. f4
Be4 16. Nf3 fxe5 17. fxe5 a6 18. Nd2 Rxf1+ 19. Bxf1 Bg6 20. Qg4 Nf8 21. Nf3 c5
22. Bd2 c4 23. h4 h6 24. h5 Bh7 25. g3 a5 26. bxc4 bxc4 27. Bh3 Kh8 28. Qf4 Bd3
29. Ng2 Qd7 30. g4 Nh7 31. Qg3 Be4 32. g5 hxg5 33. Nxg5 Bxg5 34. Bxg5 Bxg2 35.
Kxg2 Qf7 36. h6 gxh6 37. Bf6+ Nxf6 38. Rf1 Rg8 39. Bg4 h5 0-1

[Event "88th Hastings Masters"]
[Site "Hastings ENG"]
[Date "2013.01.03"]
[Round "7.23"]
[White "Wadsworth, Matthew J"]
[Black "Snape, Ian L"]
[Result "1-0"]
[WhiteElo "2067"]
[BlackElo "2245"]
[WhiteFideId "415804"]
[BlackFideId "404489"]
[EventDate "2012.12.28"]

1. c4 Nf6 2. g3 g6 3. Bg2 Bg7 4. Nc3 O-O 5. d3 d6 6. Bg5 h6 7. Bd2 e5 8. e4 a6
9. Nge2 b5 10. b3 c6 11. a3 Nbd7 12. O-O Bb7 13. Kh1 Nc5 14. Be3 Ng4 15. Bxc5
dxc5 16. h3 Nf6 17. Qd2 Qe7 18. Rad1 Rad8 19. f4 b4 20. Na4 exf4 21. gxf4 Nh5
22. axb4 cxb4 23. Qe3 f5 24. e5 g5 25. d4 c5 26. Bxb7 Qxb7+ 27. d5 gxf4 28. Nxf4
Nxf4 29. Qxf4 Qc7 30. Rde1 Kh7 31. d6 Qc6+ 32. Qf3 Qxf3+ 33. Rxf3 Rfe8 34. Rfe3
f4 35. Re4 f3 36. Kg1 Kg6 37. Nxc5 Kf5 38. Nd3 Ke6 39. c5 a5 40. c6 Kd5 41. c7
Rd7 42. Rc4 Bxe5 43. Rxe5+ Rxe5 44. Nxe5 1-0

[Event "88th Hastings Masters"]
[Site "Hastings ENG"]
[Date "2013.01.03"]
[Round "7.25"]
[White "Jaunooby, Ali R"]
[Black "Hagen, Anders Gjerdrum"]
[Result "1/2-1/2"]
[WhiteElo "2178"]
[BlackElo "2126"]
[WhiteFideId "413291"]
[BlackFideId "1506650"]
[EventDate "2012.12.28"]

1. d4 d5 2. Nf3 Nf6 3. Bf4 c5 4. e3 Nc6 5. c3 Qb6 6. Qb3 c4 7. Qxb6 axb6 8. Nbd2
b5 9. a3 b4 10. cxb4 Nxb4 11. Rc1 Nc6 12. Ne5 Nxe5 13. Bxe5 b5 14. Be2 Bb7 15.
O-O e6 16. Bf3 Be7 17. g4 O-O 18. Bf4 h6 19. Kg2 Rfc8 20. g5 hxg5 21. Bxg5 Kf8
22. h4 Ng8 23. Rh1 Bd6 24. h5 f6 25. h6 gxh6 26. Bxh6+ Nxh6 27. Rxh6 Kg7 28. Rh4
Rh8 29. Bh5 Rag8 30. f4 Rh6 31. Nf1 Kf8+ 32. Kf3 Rgh8 33. Ng3 Bc6 34. Rhh1 Bd7
35. Bg4 Rxh1 36. Rxh1 Rxh1 37. Nxh1 b4 38. axb4 Bxb4 39. Nf2 Bd2 40. e4 f5 41.
exf5 exf5 42. Bh3 Bc1 43. Nd1 Ke7 44. Ne3 Bxb2 45. Nxd5+ Kd6 46. Ne3 Bxd4 47.
Nxc4+ Ke7 48. Ne5 Bxe5 49. fxe5 Bc6+ 50. Kf4 Be4 51. Bf1 Bc2 52. Bc4 Bb1 53. Ba6
Bc2 54. Bc8 Bd3 55. Bxf5 Bc4 56. Ke4 Bb3 57. Kd4 Ba2 58. Bc2 Be6 59. Be4 Bh3 1/2-1/2

[Event "88th Hastings Masters"]
[Site "Hastings ENG"]
[Date "2013.01.03"]
[Round "7.27"]
[White "Maroroa, Sue"]
[Black "Talsma, Paul"]
[Result "1-0"]
[WhiteTitle "WIM"]
[WhiteElo "2037"]
[BlackElo "2229"]
[WhiteFideId "4301498"]
[BlackFideId "1018779"]
[EventDate "2012.12.28"]

1. e4 e5 2. Nf3 Nc6 3. d4 exd4 4. Nxd4 g6 5. Nc3 Bg7 6. Be3 Nf6 7. Nxc6 bxc6 8.
e5 Ng8 9. f4 d6 10. Qf3 Nh6 11. O-O-O Bg4 12. Qxc6+ Bd7 13. Qf3 O-O 14. h3 Nf5
15. Bf2 dxe5 16. fxe5 Bxe5 17. g4 Nd6 18. Bd4 Bxd4 19. Rxd4 Qg5+ 20. Kb1 Qc5 21.
Qd5 Qb6 22. Bg2 Rab8 23. b3 Bc6 24. Qxc6 Qxd4 25. Rd1 Qb6 26. Qf3 Qc5 27. Nd5 f5
28. Ne7+ Kf7 29. Nd5 Kg7 30. Qg3 Rf7 31. Qe5+ 1-0

[Event "88th Hastings Masters"]
[Site "Hastings ENG"]
[Date "2013.01.03"]
[Round "7.28"]
[White "Flynn, David"]
[Black "Burnett, Jim"]
[Result "0-1"]
[WhiteElo "1921"]
[BlackElo "2172"]
[WhiteFideId "410594"]
[BlackFideId "402273"]
[EventDate "2012.12.28"]

1. e4 e6 2. d4 d5 3. e5 c5 4. c3 Nc6 5. Nf3 Bd7 6. a3 f6 7. b4 fxe5 8. Nxe5 Nxe5
9. dxe5 Qc7 10. f4 O-O-O 11. Be3 g5 12. Bd3 gxf4 13. Bxf4 Bg7 14. Qe2 Ne7 15.
Nd2 Kb8 16. O-O Be8 17. Nf3 Bh5 18. Bg5 Rdf8 19. Bxe7 Qxe7 20. Qe3 Qc7 21. Rfe1
Bxf3 22. gxf3 Qf7 23. Rf1 Qh5 24. Rae1 c4 25. Bc2 Bh6 26. Qe2 Rhg8+ 27. Kh1 Bf4
28. Rg1 Rxg1+ 29. Rxg1 Bxe5 30. Bxh7 Qxf3+ 31. Qxf3 Rxf3 32. Bg8 Kc7 33. Bxe6
Kd6 34. Bc8 b6 35. Rg6+ Rf6 36. Rg7 Rf1+ 37. Kg2 Bxg7 38. Kxf1 Bxc3 39. h4 Bb2
40. a4 Bc3 41. b5 Bg7 42. Ke2 Ke5 43. h5 d4 44. Kd2 d3 45. Kc3 Kd5+ 46. Kd2 Ke5 0-1

[Event "88th Hastings Masters"]
[Site "Hastings ENG"]
[Date "2013.01.03"]
[Round "7.29"]
[White "Steil-Antoni, Fiona"]
[Black "Ramstad, Havard"]
[Result "1/2-1/2"]
[WhiteTitle "WIM"]
[WhiteElo "2169"]
[BlackElo "2071"]
[WhiteFideId "4001249"]
[BlackFideId "1511980"]
[EventDate "2012.12.28"]

1. e4 c6 2. Ne2 d5 3. e5 c5 4. d4 Nc6 5. c3 Bf5 6. dxc5 e6 7. Nd4 Bxb1 8. Rxb1
Bxc5 9. Nxc6 bxc6 10. Qg4 g6 11. Bd3 h5 12. Qa4 Qc7 13. O-O Ne7 14. Re1 Nf5 15.
b4 Be7 16. b5 cxb5 17. Qxb5+ Kf8 18. Bxf5 gxf5 19. Be3 Kg7 20. Bd4 h4 21. h3
Rab8 22. Qa6 1/2-1/2

[Event "88th Hastings Masters"]
[Site "Hastings ENG"]
[Date "2013.01.03"]
[Round "7.30"]
[White "Byron, Alan M"]
[Black "Tarhon, Brian"]
[Result "1-0"]
[WhiteElo "2167"]
[BlackElo "1844"]
[WhiteFideId "401773"]
[BlackFideId "423190"]
[EventDate "2012.12.28"]

1. e4 c5 2. Nf3 e6 3. d4 cxd4 4. Nxd4 Nf6 5. Nc3 d6 6. Be2 Be7 7. Be3 O-O 8. O-O
Nc6 9. Kh1 a6 10. f4 Qc7 11. Qe1 Bd7 12. Qg3 e5 13. fxe5 Nxe5 14. Nf5 Bxf5 15.
Rxf5 Kh8 16. Raf1 b5 17. a3 Rab8 18. Bg5 Ned7 19. Bd3 Qd8 20. Qh3 g6 21. R5f2 h5
22. Be2 Kg7 23. Qh4 b4 24. axb4 Rxb4 25. Qf4 Kh7 26. b3 a5 27. Bc4 Qe8 28. h3
Kh8 29. Qh4 Kg7 30. Rxf6 1-0

[Event "88th Hastings Masters"]
[Site "Hastings ENG"]
[Date "2013.01.03"]
[Round "7.32"]
[White "Atako, Chino C"]
[Black "Dennis, Nigel W"]
[Result "1-0"]
[WhiteElo "2117"]
[BlackElo "1904"]
[WhiteFideId "468649"]
[BlackFideId "408913"]
[EventDate "2012.12.28"]

1. e4 c5 2. Nf3 e6 3. d4 cxd4 4. Nxd4 Nf6 5. Nc3 d6 6. g4 e5 7. Bb5+ Nbd7 8. Nf5
a6 9. Bxd7+ Qxd7 10. f3 h6 11. Be3 b5 12. Qd2 b4 13. Nd5 Nxd5 14. exd5 Qb5 15.
O-O-O Bxf5 16. gxf5 Be7 17. Kb1 Bf6 18. f4 Kd7 19. fxe5 Bxe5 20. Bd4 Rae8 21.
Bxe5 Rxe5 22. Qg2 Rg8 23. f6 g6 24. Qh3+ Kc7 25. Qxh6 Rxd5 26. Rxd5 Qxd5 27. Re1
Rd8 28. Qe3 Kc6 29. Qa7 Kb5 30. a4+ bxa3 31. Re3 a2+ 32. Ka1 Qd1+ 33. Kxa2 Qxc2
34. Rb3+ Ka5 35. Qb6+ Ka4 36. Ra3# 1-0

[Event "88th Hastings Masters"]
[Site "Hastings ENG"]
[Date "2013.01.03"]
[Round "7.34"]
[White "Gregory, Stephen J"]
[Black "Higgs, Joshua"]
[Result "1-0"]
[WhiteElo "2086"]
[BlackElo "1792"]
[WhiteFideId "410837"]
[BlackFideId "426920"]
[EventDate "2012.12.28"]

1. e4 e5 2. Bc4 Nf6 3. Qe2 Nc6 4. c3 Be7 5. d3 O-O 6. Nf3 d6 7. Nbd2 Na5 8. Bb5
a6 9. Ba4 b5 10. Bc2 c5 11. h3 Nc6 12. Nf1 a5 13. Ng3 Re8 14. O-O Bf8 15. Nh2 h6
16. f4 exf4 17. Bxf4 d5 18. Qf3 dxe4 19. dxe4 Ne5 20. Qf2 Ra6 21. Rad1 Qb6 22.
Bxe5 Rxe5 23. Nf3 Re8 24. e5 Nd7 25. Bf5 Qc7 26. e6 Nf6 27. exf7+ Qxf7 28. Bxc8
Rxc8 29. Ne5 Qc7 30. Ng6 Ng4 31. hxg4 Rxg6 32. Qf5 Rf6 33. Qd5+ Qf7 34. Rxf6
Qxd5 35. Rxf8+ 1-0

[Event "88th Hastings Masters"]
[Site "Hastings ENG"]
[Date "2013.01.03"]
[Round "7.35"]
[White "Taylor, Adam C"]
[Black "Barton, R Alan"]
[Result "1/2-1/2"]
[WhiteElo "1950"]
[BlackElo "2080"]
[WhiteFideId "424668"]
[BlackFideId "404233"]
[EventDate "2012.12.28"]

1. c4 e5 2. g3 c6 3. d4 d6 4. Nc3 Be7 5. Nf3 Nd7 6. Bg2 Ngf6 7. O-O O-O 8. e4
Re8 9. Qc2 Bf8 10. Be3 Qc7 11. h3 a6 12. a4 a5 13. Rac1 Nb8 14. Ne1 Na6 15. Qd2
Nb4 16. f4 Nd7 17. Nd3 f6 18. b3 exd4 19. Bxd4 Nc5 20. Nxc5 dxc5 21. Be3 Be6 22.
Qe2 Rad8 23. Rfd1 Qb6 24. Na2 Na6 25. Qc2 Rd4 26. Kh2 Red8 27. Bf3 Bf7 28. h4 h6
29. h5 Nc7 30. Qc3 Ne6 31. Bxd4 cxd4 32. Qb2 d3 33. Rc3 Nc5 34. Rd2 Rd4 35. Nc1
Qd8 36. Qb1 Qb6 37. Qb2 Qd8 38. Qb1 Qb6 39. Qb2 1/2-1/2